Presidents of the Dominican Republic by Picture - Statistics

General Stats
  • This quiz has been taken 32 times
  • The average score is 20 of 58
Answer Stats
Picture Hint Answer % Correct
2020-Present Luis Abinader
88%
2012-2020 Danilo Medina
84%
1951-1960 Héctor Trujillo
84%
1930-1938 | 1942-1952 Rafael Trujillo
84%
1996-2000 | 2004-2012 Leonel Fernández
76%
2000-2004 Hipólito Mejía
68%
1978-1982 Antonio Guzmán Fernández
60%
1963 Juan Bosch
60%
1960-1962 | 1966-1978 | 1986-1996 Joaquín Balaguer
52%
1982-1986 Salvador Jorge Blanco
48%
1849-1853 | 1856-1858 | 1865-1866 | 1868-1874 | 1876-1878 Buenaventura Báez
44%
1844-1848 | 1849 | 1853-1856 | 1858-1862 Pedro Santana
44%
1844 | 1844 Francisco del Rosario Sánchez
40%
1914 Ramón Báez
40%
1879-1880 Gregorio Luperón
36%
1938-1940 Jacinto Peynado
36%
1905-1911 Ramón Cáceres
36%
1963-1965 Donald Reid Cabral
32%
1965 Francisco Caamaño
32%
1965-1966 Héctor García-Godoy
32%
1899 | 1902-1903 | 1924-1930 Horacio Vásquez
32%
1878 Jacinto de Castro
32%
1982 Jacobo Majluta
32%
1868 | 1874 Manuel Altagracia Cáceres
32%
1885-1887 | 1903 Alejandro Woss y Gil
28%
1878 Cesareo Guillermo
28%
1873-1876 | 1876 | 1878 Ignacio María González
28%
1863-1864 José Antonio Salcedo
28%
1857-1858 José Desiderio Valverde
28%
1865 | 1866-1868 José María Cabral
28%
1899-1902 | 1914-1916 Juan Isidro Jimenes
28%
1855-1856 Manuel de Regla Mota
28%
1848-1849 Manuel Jimenes
28%
1865 Pedro Guillermo
28%
1912-1913 Adolfo Alejandro Nouel
24%
1865 Benigno Filomeno de Rojas
24%
1863-1864 Carlos de Vargas y Cerveto
24%
1963 Emilio de los Santos
24%
1884-1885 Francisco Gregorio Billini
24%
1916 Francisco Henríquez y Carvajal
24%
1864-1865 Gaspar Polanco
24%
1913-1914 José Bordas Valdez
24%
1922-1924 Juan Bautista Vicini Burgos
24%
1876 Marcos Antonio Cabral
24%
1865 Pedro Antonio Pimentel
24%
1930 Rafael Estrella Ureña
24%
1962-1963 Rafael Filliberto Bonnelly
24%
1844 Tomás Bobadilla
24%
1882-1884 | 1887-1899 Ulises Heureaux
24%
1963 Víctor Elby Viñas Román
24%
1911-1912 Eladio Victoria
20%
1862-1863 Felipe Ribero y Lemoine
20%
1880-1882 Fernando Arturo de Meriño
20%
1864-1865 José de la Gándara y Navarro
20%
1965 José Rafael Molina Ureña
20%
1899 Wenceslao Figuereo
20%
1903-1905 Carlos Morales Languasco
16%
1940-1942 Manuel de Jesús Troncoso de la Concha
16%
No matching quizzes found
Score Distribution
Percent of People with Each Score
Percentile by Number Answered
Your Score History
You have not taken this quiz